000 01518 a2200217 4500
001 113076
020 _a8599520016
020 _a9788554014070
041 _apor
082 _aAP SK 028
100 _aTolstói, Aleksei.
520 _aQuantas pessoas e animais são necessários para colher um nabo? Imagine se este nabo fosse tão, tão grande que você tivesse que pedir a ajuda de todos os seus amigos para arrancá-lo da horta. O nabo gigante, uma publicação do selo Girafinha, é uma história divertida e perfeita para ser lida em voz alta, em que um casal de velhinhos planta um nabo que cresce até ficar GIGANTE. No entanto, para retirar o legume do solo será necessária a ajuda de todos os animais da fazenda – dos maiores aos menores. Esta adaptação do clássico conto russo, escrita belamente por Aleksei Tolstói e ilustrada ao estilo rústico russo pela premiada artista Niamh Sharkey, mostra que o menor dos ajudantes pode fazer muita diferença. A história está alinhada com diversas competências da BNCC, é indicada para crianças em idade escolar pertinente à Educação Infantil e aborda temas como animais da fazenda, estações do ano, contagem numérica – tudo isso incluído na mesma narrativa cíclica.
521 _aSK
697 _aLiteratura infanto-juvenil
856 _u000003/00000375.jpg
040 _aBR-BrIDEA
_cBR-BrIDEA
090 _aAP SK 028
_bTOL
245 1 0 _aO nabo gigante
_c Aleksei Tolstói
260 _aSão Paulo
_bGirafinha
_c2005
942 _cBK
999 _c113076
_d113076